000 01054cam a2200217 4500
001 WB3832-14
008 020905n2002 000 0 eng u
035 _a(Sirsi) u119583
245 _aMPs sceptical of high-rise development
260 _c2002
490 _aRICS Planning Faculty News
_v 5 September 2002 (1)
520 _aA report published 4 September by the Transport, Local Government and the Regions Committee (TLGRC) concludes that skyscrapers are status symbols rather than efficient development. The report is the result of a three-month inquiry, mainly focused on the contribution which tall buildings could make towards urban regeneration. "Tall buildings" is available from the Stationery Office +44 (0) 845 702 3474 or http://www.publications.parliament.uk/pa/cm/cmtlgr.htm
590 _aWB
650 _aTALL BUILDINGS
650 _aURBAN REGENERATION
650 _aSKYSCRAPERS
650 _aDEVELOPMENT
650 _aHIGH RISE BUILDINGS
690 _aENVIRONMENTAL AND LAND CONSULTANCY-PLANNING AND DEVELOPMENT
942 _n0
999 _c71101
_d71101